[Event "Campeonato Continental Americas 2009"]
[Site "Sao Paulo BRA"]
[Date "2009.07.26"]
[Round "3.5"]
[White "Milos, Gilberto"]
[Black "Cori, Jorge"]
[Result "1-0"]
[WhiteElo "2589"]
[BlackElo "2424"]
[PlyCount "54"]
[EventDate "2009.07.25"]
[EventType "swiss"]
[EventRounds "11"]
[EventCountry "BRA"]
[Source "lmi"]
[SourceDate "2009.07.25"]

1. d4 d5 2. c4 c6 3. Nf3 Nf6 4. e3 e6 5. Bd3 Nbd7 6. b3 Bd6 7. Bb2 O-O 8. O-O
Qe7 9. Ne5 c5 10. f4 cxd4 11. exd4 Ne4 12. Nc3 Nxc3 13. Bxc3 Nf6 14. Qc2 b6 15.
Be1 Bb7 16. Bh4 Qc7 17. Bxf6 gxf6 18. Ng4 f5 19. Bxf5 exf5 20. Nf6+ Kg7 21.
Qxf5 Rg8 22. Rae1 Qd8 23. Re3 Qxf6 24. Rg3+ Qg6 25. Rxg6+ hxg6 26. Qd7 dxc4 27.
bxc4 Rad8 1-0

[Event "Campeonato Continental Americas 2009"]
[Site "Sao Paulo BRA"]
[Date "2009.07.26"]
[Round "3.10"]
[White "Perdomo, Leandro Daniel"]
[Black "Felgaer, Ruben"]
[Result "0-1"]
[WhiteElo "2409"]
[BlackElo "2564"]
[PlyCount "60"]
[EventDate "2009.07.25"]
[EventType "swiss"]
[EventRounds "11"]
[EventCountry "BRA"]
[Source "lmi"]
[SourceDate "2009.07.25"]

1. d4 d6 2. c4 e5 3. dxe5 dxe5 4. Qxd8+ Kxd8 5. Nc3 Be6 6. Nf3 f6 7. e3 c6 8.
Bd2 Nd7 9. Ne4 a5 10. Rg1 Nh6 11. h3 Nf7 12. Bc3 Kc7 13. g4 Bb4 14. Nfd2 Nd6
15. Rc1 Bf7 16. Nxd6 Kxd6 17. Bd3 Bg6 18. Bf5 Nc5 19. Ke2 Ke7 20. f3 Na4 21.
Ne4 Bf7 22. Nd2 Bxc3 23. bxc3 g6 24. Bd3 Rhd8 25. Rc2 Rd7 26. f4 Nc5 27. Be4
Rxd2+ 28. Rxd2 Nxe4 29. Rb2 Bxc4+ 30. Kf3 Nxc3 0-1

[Event "Campeonato Continental Americas 2009"]
[Site "Sao Paulo BRA"]
[Date "2009.07.26"]
[Round "3.12"]
[White "Garcia, Gildardo"]
[Black "Bachmann, Axel"]
[Result "1/2-1/2"]
[WhiteElo "2390"]
[BlackElo "2559"]
[PlyCount "74"]
[EventDate "2009.07.25"]
[EventType "swiss"]
[EventRounds "11"]
[EventCountry "BRA"]
[Source "lmi"]
[SourceDate "2009.07.25"]

1. e4 c5 2. Nf3 e6 3. d4 cxd4 4. Nxd4 a6 5. Bd3 Bc5 6. Nb3 Be7 7. Nc3 Nc6 8.
Qg4 Bf6 9. Qg3 Nge7 10. Bf4 e5 11. Bg5 Bxg5 12. Qxg5 O-O 13. O-O-O d6 14. f4
Be6 15. fxe5 Nxe5 16. Be2 Qc7 17. Nd4 b5 18. Nf5 Bxf5 19. exf5 f6 20. Qd2 Kh8
21. Qxd6 Qa7 22. Qd4 Nxf5 23. Qxa7 Rxa7 24. Nd5 Rd7 25. Rd2 Nh4 26. Ne3 Rxd2
27. Kxd2 f5 28. g3 Nhf3+ 29. Bxf3 Nxf3+ 30. Ke2 Nd4+ 31. Kf2 f4 32. gxf4 Rxf4+
33. Kg2 g5 34. Rd1 Re4 35. Kf2 Rf4+ 36. Kg2 Re4 37. Kf2 Rf4+ 1/2-1/2

[Event "Campeonato Continental Americas 2009"]
[Site "Sao Paulo BRA"]
[Date "2009.07.26"]
[Round "3.14"]
[White "Disconzi da Silva, Rodrigo"]
[Black "Friedel, Joshua E"]
[Result "1/2-1/2"]
[WhiteElo "2366"]
[BlackElo "2547"]
[PlyCount "39"]
[EventDate "2009.07.25"]
[EventType "swiss"]
[EventRounds "11"]
[EventCountry "BRA"]
[Source "lmi"]
[SourceDate "2009.07.25"]

1. Nf3 Nf6 2. c4 e6 3. g3 d5 4. Bg2 Be7 5. O-O O-O 6. b3 c5 7. Bb2 Nc6 8. e3 b6
9. Nc3 dxc4 10. bxc4 Bb7 11. d3 Qd7 12. Qe2 Rad8 13. Rad1 Qc8 14. Ne1 Nd7 15.
f4 Bf6 16. Ne4 Bxb2 17. Nd6 Qb8 18. Nxb7 Qxb7 19. Qxb2 Qc7 20. Bf3 1/2-1/2

[Event "Campeonato Continental Americas 2009"]
[Site "Sao Paulo BRA"]
[Date "2009.07.26"]
[Round "3.15"]
[White "Ivanov, Alexander"]
[Black "Toth, Christian Endre"]
[Result "1-0"]
[WhiteElo "2527"]
[BlackElo "2357"]
[PlyCount "45"]
[EventDate "2009.07.25"]
[EventType "swiss"]
[EventRounds "11"]
[EventCountry "BRA"]
[Source "lmi"]
[SourceDate "2009.07.25"]

1. e4 e6 2. d4 d5 3. Nd2 dxe4 4. Nxe4 Nd7 5. Nf3 Ngf6 6. Nxf6+ Nxf6 7. Bd3 c5
8. Be3 Nd5 9. Ne5 a6 10. O-O cxd4 11. Bxd4 Nf4 12. Re1 Nxd3 13. Qxd3 f6 14. Ng6
hxg6 15. Qxg6+ Kd7 16. Rad1 Kc6 17. Ba7 Qc7 18. Qe8+ Bd7 19. Rxe6+ Kb5 20.
Qxd7+ Qxd7 21. Rxd7 Rxa7 22. Re8 Kc6 23. Rf7 1-0

[Event "Campeonato Continental Americas 2009"]
[Site "Sao Paulo BRA"]
[Date "2009.07.27"]
[Round "4.1"]
[White "Leon Hoyos, Manuel"]
[Black "Fier, Alexandr"]
[Result "0-1"]
[WhiteElo "2525"]
[BlackElo "2604"]
[PlyCount "64"]
[EventDate "2009.07.25"]
[EventType "swiss"]
[EventRounds "11"]
[EventCountry "BRA"]
[Source "lmi"]
[SourceDate "2009.07.25"]

1. e4 c5 2. Nf3 d6 3. d4 cxd4 4. Nxd4 Nf6 5. Nc3 e6 6. g4 h6 7. Bg2 a6 8. h3
Nc6 9. Be3 Ne5 10. Qe2 g5 11. f4 gxf4 12. Bxf4 Qc7 13. O-O-O b5 14. Qf2 Nfd7
15. Rhf1 b4 16. Na4 Bb7 17. Nf3 Nxf3 18. Qxf3 Rc8 19. Rf2 Rh7 20. b3 Bc6 21.
Nb2 Bb5 22. Kb1 Ne5 23. Qe3 Bg7 24. Qe1 Qc3 25. Bc1 Ke7 26. Rfd2 Rhh8 27. Qf2
Rhd8 28. Rd4 Ng6 29. Be3 Rd7 30. R1d2 a5 31. h4 Ne5 32. Bh3 Nf3 0-1

[Event "Campeonato Continental Americas 2009"]
[Site "Sao Paulo BRA"]
[Date "2009.07.27"]
[Round "4.3"]
[White "Mareco, Sandro"]
[Black "Milos, Gilberto"]
[Result "1/2-1/2"]
[WhiteElo "2515"]
[BlackElo "2589"]
[PlyCount "39"]
[EventDate "2009.07.25"]
[EventType "swiss"]
[EventRounds "11"]
[EventCountry "BRA"]
[Source "lmi"]
[SourceDate "2009.07.25"]

1. d4 Nf6 2. c4 e6 3. Nf3 b6 4. g3 Bb7 5. Bg2 Be7 6. Nc3 Ne4 7. Bd2 O-O 8. O-O
Bf6 9. Qc2 Nxd2 10. Qxd2 d6 11. e4 Nd7 12. Rad1 g6 13. d5 Qe7 14. Nd4 Rad8 15.
f4 Bg7 16. Bh3 Nc5 17. b4 exd5 18. exd5 Ne4 19. Nxe4 Qxe4 20. Bg2 1/2-1/2

[Event "Campeonato Continental Americas 2009"]
[Site "Sao Paulo BRA"]
[Date "2009.07.27"]
[Round "4.5"]
[White "Felgaer, Ruben"]
[Black "Rios, Mauricio Flores"]
[Result "1/2-1/2"]
[WhiteElo "2564"]
[BlackElo "2482"]
[PlyCount "45"]
[EventDate "2009.07.25"]
[EventType "swiss"]
[EventRounds "11"]
[EventCountry "BRA"]
[Source "lmi"]
[SourceDate "2009.07.25"]

1. c4 g6 2. Nc3 Bg7 3. g3 c5 4. Bg2 Nc6 5. d3 e6 6. e4 Nge7 7. Nge2 a6 8. O-O
Rb8 9. Be3 Nd4 10. b4 Nxe2+ 11. Nxe2 cxb4 12. Rb1 a5 13. a3 Nc6 14. axb4 Nxb4
15. Bc5 Bf8 16. Bd4 f6 17. f4 b6 18. f5 e5 19. Ba1 Bh6 20. d4 d6 21. Qa4+ Bd7
22. Qb3 Qe7 23. Kh1 1/2-1/2

[Event "Campeonato Continental Americas 2009"]
[Site "Sao Paulo BRA"]
[Date "2009.07.27"]
[Round "4.6"]
[White "Iturrizaga, Eduardo"]
[Black "Zambrana, Oswaldo"]
[Result "1-0"]
[WhiteElo "2555"]
[BlackElo "2473"]
[PlyCount "73"]
[EventDate "2009.07.25"]
[EventType "swiss"]
[EventRounds "11"]
[EventCountry "BRA"]
[Source "lmi"]
[SourceDate "2009.07.25"]

1. d4 d5 2. c4 c6 3. Nf3 Nf6 4. e3 e6 5. b3 Nbd7 6. Bb2 Be7 7. Bd3 O-O 8. O-O
b6 9. Nc3 Bb7 10. Qc2 c5 11. Ne5 Rc8 12. Rad1 cxd4 13. exd4 a6 14. cxd5 Bb4 15.
dxe6 fxe6 16. Bc4 Nd5 17. Nd3 Bxc3 18. Bxc3 Qg5 19. Bd2 Ne3 20. Ne1 Rxc4 21.
bxc4 Qxg2+ 22. Nxg2 Nxc2 23. Bc3 Rc8 24. Rc1 Be4 25. f3 Bf5 26. Rf2 Na3 27. c5
Nb5 28. a4 Nxc3 29. Rxc3 bxc5 30. Ne3 Bg6 31. Rb2 e5 32. d5 Be8 33. Nc4 Rd8 34.
Nd6 Bg6 35. Ne4 Rc8 36. Rb7 Nf6 37. Rxc5 1-0

[Event "Campeonato Continental Americas 2009"]
[Site "Sao Paulo BRA"]
[Date "2009.07.27"]
[Round "4.10"]
[White "Leitao, Rafael"]
[Black "Alvarez Marquez, Johann"]
[Result "1-0"]
[WhiteElo "2610"]
[BlackElo "2431"]
[PlyCount "97"]
[EventDate "2009.07.25"]
[EventType "swiss"]
[EventRounds "11"]
[EventCountry "BRA"]
[Source "lmi"]
[SourceDate "2009.07.25"]

1. d4 d5 2. c4 e6 3. Nf3 c6 4. Qc2 Nf6 5. Bg5 Nbd7 6. Nc3 h6 7. Bxf6 Nxf6 8. e3
Be7 9. Bd3 O-O 10. O-O Qc7 11. Rac1 a6 12. c5 Nd7 13. e4 dxe4 14. Nxe4 e5 15.
dxe5 Nxe5 16. Nxe5 Qxe5 17. Rfe1 Qc7 18. Bc4 Bf5 19. Nf6+ Bxf6 20. Qxf5 Bg5 21.
Rcd1 Rad8 22. g3 Rxd1 23. Rxd1 Rd8 24. Rd6 Kf8 25. Kg2 Bf6 26. Bb3 Rxd6 27.
cxd6 Qxd6 28. Qc8+ Ke7 29. Qxb7+ Qd7 30. Qxa6 Qc7 31. a4 Bxb2 32. Qc4 Kd8 33.
Qc5 Kc8 34. a5 Bf6 35. a6 Kb8 36. Ba4 Be7 37. Qc4 c5 38. Qxf7 Bd8 39. Qc4 Ka7
40. Bb5 Bf6 41. Qd5 Kb6 42. Bc4 Bd4 43. Qe6+ Ka7 44. h4 Bf6 45. f4 Bc3 46. Kf3
Bd2 47. Qe5 Kb6 48. Qxc7+ Kxc7 49. h5 1-0

[Event "Campeonato Continental Americas 2009"]
[Site "Sao Paulo BRA"]
[Date "2009.07.27"]
[Round "4.12"]
[White "Liascovich, Lucas"]
[Black "Quesada Perez, Yunieski"]
[Result "0-1"]
[WhiteElo "2444"]
[BlackElo "2584"]
[PlyCount "79"]
[EventDate "2009.07.25"]
[EventType "swiss"]
[EventRounds "11"]
[EventCountry "BRA"]
[Source "lmi"]
[SourceDate "2009.07.25"]

1. d4 Nf6 2. Nf3 e6 3. Bf4 b6 4. e3 Bb7 5. h3 c5 6. c3 Be7 7. Nbd2 O-O 8. Bd3
d6 9. O-O Nbd7 10. Qe2 cxd4 11. cxd4 Nd5 12. Bh2 Nb4 13. Bb5 a6 14. Ba4 b5 15.
Bb3 Nb6 16. a3 Nc6 17. Rac1 Na5 18. Ba2 Rc8 19. b4 Nc6 20. e4 Nb8 21. Qd3 N8d7
22. Bb1 g6 23. Bf4 Re8 24. h4 Rxc1 25. Rxc1 Qb8 26. Bg5 Bf8 27. h5 Rc8 28. Rxc8
Qxc8 29. hxg6 hxg6 30. Nf1 Na4 31. Bd2 Nb2 32. Qc2 Qxc2 33. Bxc2 Nc4 34. Bc1
Ndb6 35. N1d2 Bg7 36. Nxc4 Nxc4 37. Bd3 Kf8 38. a4 Ke7 39. axb5 axb5 40. Nd2
0-1

[Event "Campeonato Continental Americas 2009"]
[Site "Sao Paulo BRA"]
[Date "2009.07.27"]
[Round "4.14"]
[White "Uribe, Mauricio"]
[Black "Kudrin, Sergey"]
[Result "1/2-1/2"]
[WhiteElo "2413"]
[BlackElo "2578"]
[PlyCount "79"]
[EventDate "2009.07.25"]
[EventType "swiss"]
[EventRounds "11"]
[EventCountry "BRA"]
[Source "lmi"]
[SourceDate "2009.07.25"]

1. e4 c5 2. Nf3 d6 3. d4 cxd4 4. Nxd4 Nf6 5. Nc3 g6 6. Be3 a6 7. f3 b5 8. Qd2
Bb7 9. O-O-O h5 10. Bd3 Nbd7 11. f4 Ng4 12. Kb1 Nxe3 13. Qxe3 e5 14. fxe5 Nxe5
15. Nd5 Bg7 16. h3 Rc8 17. Nf3 O-O 18. Nxe5 Bxe5 19. g4 h4 20. Rhf1 Kg7 21. c3
Bxd5 22. exd5 Qc7 23. Rf2 Qb7 24. Qe4 Rc5 25. Bc2 Rc4 26. Qd3 Rf4 27. Rxf4 Bxf4
28. Re1 Be5 29. Re4 Rc8 30. a3 Qb6 31. Qe3 Qxe3 32. Rxe3 Rc4 33. Bd3 Rf4 34.
Kc2 Kf6 35. Be2 Kg5 36. Bf3 Rc4 37. Kd3 Rf4 38. Ke2 f5 39. gxf5 gxf5 40. b3
1/2-1/2

[Event "Campeonato Continental Americas 2009"]
[Site "Sao Paulo BRA"]
[Date "2009.07.27"]
[Round "4.15"]
[White "Fusco, Leonardo"]
[Black "Hernandez Carmenates, Holden"]
[Result "0-1"]
[WhiteElo "2401"]
[BlackElo "2573"]
[PlyCount "66"]
[EventDate "2009.07.25"]
[EventType "swiss"]
[EventRounds "11"]
[EventCountry "BRA"]
[Source "lmi"]
[SourceDate "2009.07.25"]

1. e4 c5 2. Nf3 e6 3. d4 cxd4 4. Nxd4 a6 5. Bd3 Bc5 6. Nb3 Be7 7. O-O d6 8. c4
Nf6 9. Nc3 O-O 10. f4 Nc6 11. Be3 b6 12. Rc1 Bb7 13. Qe2 Nd7 14. Rfd1 Re8 15.
Bb1 g6 16. Qf2 Rc8 17. Na4 Ba8 18. e5 b5 19. cxb5 axb5 20. Nc3 dxe5 21. Ne4 Qc7
22. fxe5 Ndxe5 23. Bf4 Rcd8 24. Rf1 f5 25. Nec5 Bd6 26. h3 Nf7 27. Bxd6 Qxd6
28. Qe2 Nd4 29. Nxd4 Qxd4+ 30. Kh1 Ng5 31. Rfd1 Qh4 32. Rxd8 Rxd8 33. Nxe6 Re8
0-1

[Event "Campeonato Continental Americas 2009"]
[Site "Sao Paulo BRA"]
[Date "2009.07.28"]
[Round "5.1"]
[White "Fier, Alexandr"]
[Black "Iturrizaga, Eduardo"]
[Result "1-0"]
[WhiteElo "2604"]
[BlackElo "2555"]
[PlyCount "113"]
[EventDate "2009.07.25"]
[EventType "swiss"]
[EventRounds "11"]
[EventCountry "BRA"]
[Source "lmi"]
[SourceDate "2009.07.25"]

1. d4 Nf6 2. c4 e6 3. Nc3 Bb4 4. Qc2 O-O 5. e4 d6 6. Bd3 Nc6 7. Nge2 e5 8. d5
Nd4 9. Nxd4 exd4 10. a3 Ba5 11. b4 dxc3 12. bxa5 Ng4 13. Qxc3 f5 14. f3 fxe4
15. Bxe4 Qh4+ 16. g3 Qh3 17. Bb2 Rf7 18. Qd4 Nf6 19. O-O-O Nxe4 20. fxe4 Qg2
21. Rhg1 Qxh2 22. Rgf1 Qh6+ 23. Kb1 Rxf1 24. Rxf1 Qg6 25. Ka2 Bh3 26. Re1 Qg4
27. c5 a6 28. Qb4 Qxg3 29. cxd6 Qxd6 30. Qxb7 Rf8 31. Rg1 g6 32. Qb3 Bc8 33.
Qc3 Kf7 34. Rh1 h5 35. Rf1+ Ke8 36. Rxf8+ Qxf8 37. Qxc7 Bd7 38. Qb6 Qf1 39.
Qxg6+ Kd8 40. Qb6+ Kc8 41. Qc5+ Kb7 42. e5 Bb5 43. Kb3 Qd1+ 44. Kb4 Qa4+ 45.
Kc3 Qxa5+ 46. Qb4 Qc7+ 47. Kb3 Qh7 48. a4 Qd3+ 49. Ka2 Qxd5+ 50. Ka3 Qd3+ 51.
Bc3 Kc6 52. axb5+ axb5 53. Qa5 Kb7 54. Qb4 Kc6 55. Qb3 Qc4 56. Qxc4+ bxc4 57.
Bd2 1-0

[Event "Campeonato Continental Americas 2009"]
[Site "Sao Paulo BRA"]
[Date "2009.07.28"]
[Round "5.2"]
[White "Zapata, Alonso"]
[Black "Vescovi, Giovanni"]
[Result "1/2-1/2"]
[WhiteElo "2523"]
[BlackElo "2631"]
[PlyCount "79"]
[EventDate "2009.07.25"]
[EventType "swiss"]
[EventRounds "11"]
[EventCountry "BRA"]
[Source "lmi"]
[SourceDate "2009.07.25"]

1. e4 e6 2. d4 d5 3. Nd2 c5 4. Ngf3 cxd4 5. exd5 Qxd5 6. Bc4 Qd6 7. O-O Nf6 8.
Nb3 Nc6 9. Qe2 a6 10. Rd1 b5 11. Bd3 Be7 12. c3 Bb7 13. cxd4 Nb4 14. Bb1 O-O
15. Nc5 Bd5 16. Bg5 Nc6 17. Be3 Rfc8 18. Ng5 Qd8 19. Nge4 g6 20. f3 Na5 21. Bd3
Nc4 22. Bf2 Nh5 23. g3 Nf6 24. Rac1 Nb6 25. b3 Nbd7 26. Rc2 Qf8 27. Rdc1 Rd8
28. Be3 e5 29. Nxd7 Nxd7 30. Nc3 Bb7 31. Be4 Bxe4 32. Nxe4 Nf6 33. dxe5 Nxe4
34. fxe4 Qg7 35. e6 fxe6 36. Rc7 Re8 37. Rd1 Rac8 38. Qc2 Rcd8 39. Bg5 Qe5 40.
Rxe7 1/2-1/2

[Event "Campeonato Continental Americas 2009"]
[Site "Sao Paulo BRA"]
[Date "2009.07.28"]
[Round "5.3"]
[White "Lafuente, Pablo"]
[Black "Leitao, Rafael"]
[Result "1-0"]
[WhiteElo "2562"]
[BlackElo "2610"]
[PlyCount "105"]
[EventDate "2009.07.25"]
[EventType "swiss"]
[EventRounds "11"]
[EventCountry "BRA"]
[Source "lmi"]
[SourceDate "2009.07.25"]

1. d4 d5 2. c4 c6 3. Nf3 Nf6 4. Nc3 dxc4 5. a4 Bf5 6. Ne5 Nbd7 7. Nxc4 Nb6 8.
e3 e6 9. a5 Nxc4 10. Bxc4 Be7 11. f3 O-O 12. e4 Bg6 13. Be3 b5 14. axb6 axb6
15. O-O Qc7 16. Rc1 Qb7 17. Qb3 b5 18. Be2 Rfc8 19. Kh1 h6 20. Rfd1 Qa7 21. Bf1
Bd8 22. Ne2 Bb6 23. Nf4 Bh7 24. Rc3 Rd8 25. Rxc6 e5 26. Nd5 Nxd5 27. exd5 Bxd4
28. Bxd4 exd4 29. d6 Bg6 30. Qd5 Qb7 31. Rc5 Qxd5 32. Rxd5 d3 33. Bxd3 Bxd3 34.
R5xd3 Rd7 35. Rd5 Rb8 36. b4 f6 37. f4 Kf7 38. f5 g6 39. fxg6+ Kxg6 40. g4 Rb6
41. Kg2 Kf7 42. Kg3 Ke6 43. Rh5 Rbxd6 44. Rxd6+ Rxd6 45. Rxb5 Rd3+ 46. Kf4 Rh3
47. Rh5 Rb3 48. b5 Rb4+ 49. Kf3 Rb3+ 50. Ke2 f5 51. Rxf5 Rb2+ 52. Kf3 Rxh2 53.
Rh5 1-0

[Event "Campeonato Continental Americas 2009"]
[Site "Sao Paulo BRA"]
[Date "2009.07.28"]
[Round "5.4"]
[White "Milos, Gilberto"]
[Black "Friedel, Joshua E"]
[Result "1-0"]
[WhiteElo "2589"]
[BlackElo "2547"]
[PlyCount "73"]
[EventDate "2009.07.25"]
[EventType "swiss"]
[EventRounds "11"]
[EventCountry "BRA"]
[Source "lmi"]
[SourceDate "2009.07.25"]

1. d4 Nf6 2. c4 e6 3. Nc3 Bb4 4. e3 O-O 5. Nge2 d5 6. a3 Be7 7. cxd5 exd5 8. g3
c6 9. Bg2 Bf5 10. O-O Nbd7 11. f3 Nb6 12. e4 dxe4 13. fxe4 Be6 14. Kh1 Qc8 15.
Nf4 Rd8 16. Be3 Bg4 17. Qb3 g5 18. e5 Nfd5 19. Nfxd5 Nxd5 20. Nxd5 cxd5 21.
Bxd5 Rxd5 22. Qxd5 Be6 23. Qe4 Qc4 24. Rac1 Qb3 25. Kg1 Bd5 26. Qg4 Bc6 27. Qe2
Rc8 28. Qd2 Rd8 29. Rxc6 bxc6 30. Bxg5 Qe6 31. Qf4 c5 32. dxc5 Bxc5+ 33. Kg2
Rd3 34. Qe4 Rb3 35. Bc1 Qd7 36. Re1 Qc7 37. e6 1-0

[Event "Campeonato Continental Americas 2009"]
[Site "Sao Paulo BRA"]
[Date "2009.07.28"]
[Round "5.5"]
[White "Ivanov, Alexander"]
[Black "Flores, Diego"]
[Result "0-1"]
[WhiteElo "2527"]
[BlackElo "2587"]
[PlyCount "72"]
[EventDate "2009.07.25"]
[EventType "swiss"]
[EventRounds "11"]
[EventCountry "BRA"]
[Source "lmi"]
[SourceDate "2009.07.25"]

1. e4 c5 2. Nf3 e6 3. d4 cxd4 4. Nxd4 a6 5. Bd3 Bc5 6. Nb3 Be7 7. Qg4 g6 8. Qe2
d6 9. O-O Qc7 10. a4 b6 11. a5 b5 12. Na3 Nc6 13. c4 b4 14. Nc2 Nf6 15. Bh6 Ne5
16. f3 Nfd7 17. Kh1 g5 18. f4 gxf4 19. Bxf4 Rg8 20. Nxb4 Rb8 21. Bd2 Nxd3 22.
Qxd3 Ne5 23. Qh3 Bb7 24. Qxh7 Kd7 25. Nd5 Bxd5 26. exd5 Qxc4 27. dxe6+ fxe6 28.
Rac1 Qxb3 29. Bg5 Rxg5 30. Rc7+ Kxc7 31. Qxe7+ Nd7 32. Qxg5 Rb5 33. Qg8 Qc4 34.
Rg1 Rxb2 35. h3 Rb8 36. Qg5 Rf8 0-1

[Event "Campeonato Continental Americas 2009"]
[Site "Sao Paulo BRA"]
[Date "2009.07.28"]
[Round "5.10"]
[White "Matsuura, Everaldo"]
[Black "Felgaer, Ruben"]
[Result "0-1"]
[WhiteElo "2491"]
[BlackElo "2564"]
[PlyCount "40"]
[EventDate "2009.07.25"]
[EventType "swiss"]
[EventRounds "11"]
[EventCountry "BRA"]
[Source "lmi"]
[SourceDate "2009.07.25"]

1. e4 c5 2. Nf3 e6 3. c3 Nf6 4. e5 Nd5 5. d4 cxd4 6. cxd4 d6 7. Bc4 Nb6 8. Bb3
dxe5 9. Nxe5 Nc6 10. Nf3 Be7 11. Nc3 Bf6 12. Be3 Na5 13. Bc2 Nac4 14. Qe2 Bd7
15. Bd3 Rc8 16. O-O O-O 17. Ne4 Be7 18. Ne5 Nxe5 19. dxe5 Nd5 20. Bd2 Qc7 0-1

[Event "Campeonato Continental Americas 2009"]
[Site "Sao Paulo BRA"]
[Date "2009.07.28"]
[Round "5.13"]
[White "Blanco, Cristobal J"]
[Black "Corrales Jimenez, Fidel"]
[Result "0-1"]
[WhiteElo "2361"]
[BlackElo "2602"]
[PlyCount "90"]
[EventDate "2009.07.25"]
[EventType "swiss"]
[EventRounds "11"]
[EventCountry "BRA"]
[Source "lmi"]
[SourceDate "2009.07.25"]

1. e4 c5 2. Nf3 d6 3. d4 cxd4 4. Nxd4 Nf6 5. Nc3 g6 6. Be3 Bg7 7. f3 O-O 8. Qd2
Nc6 9. Bc4 Nd7 10. h4 Nb6 11. Be2 d5 12. Nxc6 bxc6 13. Bh6 dxe4 14. fxe4 Qxd2+
15. Bxd2 h5 16. O-O-O Be6 17. g4 Bxg4 18. Bxg4 hxg4 19. Rdg1 f5 20. h5 Nc4 21.
hxg6 e6 22. Bg5 Rab8 23. b3 Bxc3 24. bxc4 Rb2 25. Bd2 Bg7 26. a3 Ra2 27. Bb4
Rd8 28. c3 Rdd2 29. exf5 exf5 30. Rh5 Rf2 31. Kb1 Be5 32. Rxf5 Rfb2+ 33. Kc1
Bg7 34. Rh5 c5 35. Ba5 Rf2 36. Kb1 Rae2 37. Rhh1 Rb2+ 38. Kc1 Ra2 39. Kb1 Rxa3
40. Rxg4 Rxa5 41. Rd1 Bxc3 42. Rd8+ Rf8 43. Rd7 Rf1+ 44. Kc2 Rf2+ 45. Kb3 Bf6
0-1

[Event "Campeonato Continental Americas 2009"]
[Site "Sao Paulo BRA"]
[Date "2009.07.28"]
[Round "5.14"]
[White "Kudrin, Sergey"]
[Black "Toth, Christian Endre"]
[Result "1/2-1/2"]
[WhiteElo "2578"]
[BlackElo "2357"]
[PlyCount "52"]
[EventDate "2009.07.25"]
[EventType "swiss"]
[EventRounds "11"]
[EventCountry "BRA"]
[Source "lmi"]
[SourceDate "2009.07.25"]

1. e4 e6 2. d4 d5 3. Nd2 dxe4 4. Nxe4 Nd7 5. Nf3 Ngf6 6. Bd3 c5 7. O-O cxd4 8.
Nxd4 Nxe4 9. Bxe4 Nf6 10. Bf3 Bc5 11. Nb3 Bd6 12. c4 Qc7 13. h3 O-O 14. Bg5 Rd8
15. Qe2 Bd7 16. Nd2 Bc6 17. Ne4 Bh2+ 18. Kh1 Be5 19. Rac1 Rd4 20. Nxf6+ Bxf6
21. Bxf6 gxf6 22. Bxc6 bxc6 23. Rfd1 Rad8 24. b3 Kf8 25. Rxd4 Rxd4 26. Qe3 Qf4
1/2-1/2

[Event "Campeonato Continental Americas 2009"]
[Site "Sao Paulo BRA"]
[Date "2009.07.28"]
[Round "5.15"]
[White "Oliveira, Silvio Eduardo"]
[Black "Bachmann, Axel"]
[Result "0-1"]
[WhiteElo "2357"]
[BlackElo "2559"]
[PlyCount "62"]
[EventDate "2009.07.25"]
[EventType "swiss"]
[EventRounds "11"]
[EventCountry "BRA"]
[Source "lmi"]
[SourceDate "2009.07.25"]

1. d4 Nf6 2. c4 e6 3. Nf3 b6 4. g3 Bb7 5. Bg2 Be7 6. O-O O-O 7. Re1 d5 8. Ne5
Nbd7 9. cxd5 exd5 10. Nc3 c6 11. Bf4 Re8 12. Rc1 Nh5 13. e4 Nxf4 14. gxf4 Nxe5
15. fxe5 dxe4 16. Rxe4 Qd7 17. Qh5 g6 18. Qf3 c5 19. d5 Bxd5 20. Nxd5 Qxd5 21.
Bf1 Qd2 22. Rd1 Qg5+ 23. Rg4 Qxe5 24. Bc4 Rf8 25. Rf4 Kh8 26. Rd7 f5 27. Qb7
Qxf4 28. Rxe7 Qh4 29. Qc7 Rac8 30. Qe5+ Qf6 31. Qe2 Rcd8 0-1

[Event "Campeonato Continental Americas 2009"]
[Site "Sao Paulo BRA"]
[Date "2009.07.29"]
[Round "6.1"]
[White "Milos, Gilberto"]
[Black "Fier, Alexandr"]
[Result "1-0"]
[WhiteElo "2589"]
[BlackElo "2604"]
[PlyCount "93"]
[EventDate "2009.07.25"]
[EventType "swiss"]
[EventRounds "11"]
[EventCountry "BRA"]
[Source "lmi"]
[SourceDate "2009.07.25"]

1. c4 e6 2. d4 d5 3. Nf3 c6 4. Qc2 Nf6 5. Bg5 Nbd7 6. Nbd2 h6 7. Bxf6 Nxf6 8.
g3 Ne4 9. Nxe4 dxe4 10. Qxe4 Bb4+ 11. Nd2 Qa5 12. Qd3 e5 13. a3 Bxd2+ 14. Qxd2
Qxd2+ 15. Kxd2 exd4 16. Bg2 Bf5 17. b4 O-O-O 18. Rac1 Rhe8 19. c5 Re5 20. Bf3
g5 21. g4 Be4 22. Bxe4 Rxe4 23. h3 Rde8 24. Rhe1 Rf4 25. Rc4 Rxf2 26. Rxd4 Rd8
27. Rxd8+ Kxd8 28. Rg1 f5 29. Ke3 Rf4 30. gxf5 Ke7 31. Rd1 Rxf5 32. Ke4 Rf2 33.
Rd6 Rxe2+ 34. Kf5 Rf2+ 35. Ke5 h5 36. Rh6 h4 37. Rh7+ Kd8 38. Rxb7 Rf3 39. Rxa7
Rxh3 40. Kd6 Rd3+ 41. Kxc6 h3 42. Rh7 g4 43. b5 g3 44. Rxh3 Ke7 45. Rh1 Rxa3
46. b6 Rb3 47. b7 1-0

[Event "Campeonato Continental Americas 2009"]
[Site "Sao Paulo BRA"]
[Date "2009.07.29"]
[Round "6.2"]
[White "Flores, Diego"]
[Black "Lafuente, Pablo"]
[Result "1/2-1/2"]
[WhiteElo "2587"]
[BlackElo "2562"]
[PlyCount "35"]
[EventDate "2009.07.25"]
[EventType "swiss"]
[EventRounds "11"]
[EventCountry "BRA"]
[Source "lmi"]
[SourceDate "2009.07.25"]

1. c4 e6 2. Nc3 d5 3. d4 Be7 4. Nf3 Nf6 5. Bg5 b6 6. Bxf6 Bxf6 7. e3 c6 8. Be2
Nd7 9. O-O Be7 10. Qc2 O-O 11. Rad1 a6 12. e4 dxc4 13. Bxc4 b5 14. Be2 Qb6 15.
a3 Bb7 16. e5 b4 17. Na4 Qa7 18. axb4 1/2-1/2

[Event "Campeonato Continental Americas 2009"]
[Site "Sao Paulo BRA"]
[Date "2009.07.29"]
[Round "6.8"]
[White "Di Berardino, Diego Rafael"]
[Black "Quesada Perez, Yunieski"]
[Result "1/2-1/2"]
[WhiteElo "2453"]
[BlackElo "2584"]
[PlyCount "47"]
[EventDate "2009.07.25"]
[EventType "swiss"]
[EventRounds "11"]
[EventCountry "BRA"]
[Source "lmi"]
[SourceDate "2009.07.25"]

1. e4 c5 2. Nf3 d6 3. d4 cxd4 4. Nxd4 Nf6 5. Nc3 a6 6. Be3 e5 7. Nb3 Be6 8. Be2
Be7 9. O-O O-O 10. f4 exf4 11. Rxf4 Nc6 12. Kh1 Ne8 13. Rf1 Bg5 14. Bg1 Bf6 15.
Rb1 Be5 16. Nd5 g6 17. Bg4 Bxg4 18. Qxg4 b5 19. c3 Rb8 20. Nd4 Nxd4 21. Bxd4
Rb7 22. Rbd1 Qd7 23. Qf3 Qe6 24. a3 1/2-1/2